| 000 | 00772cam a2200217 a 4500 | ||
|---|---|---|---|
| 020 | _a0419154302 (alk. paper) | ||
| 082 | 0 | 0 |
_a627 _bCOA _cL-22, P-24 |
| 245 | 0 | 0 |
_aCoastal, estuarial, and harbour engineers' reference book / _cedited by M.B. Abbott and W.A. Price. |
| 250 | _a1st ed. | ||
| 260 |
_aLondon ; _aNew York : _bE & FN Spon, _c1994. |
||
| 300 |
_axii, 736 p. : _bill., maps ; _c26 cm. |
||
| 526 |
_a0 _b0 _c0 _d627_000000000000000_COA |
||
| 650 | 0 |
_aCoastal engineering. _913100 |
|
| 650 | 0 |
_aEstuaries. _947395 |
|
| 650 | 0 |
_aHarbors _xDesign and construction. _947396 |
|
| 650 | 0 |
_aMCE _9379 |
|
| 700 | 1 |
_aAbbott, Michael B. _947397 |
|
| 700 | 1 |
_aPrice, W. A. _947398 |
|
| 856 | 4 | 2 | _uhttp://www.loc.gov/catdir/enhancements/fy0651/93006888-d.html |
| 942 |
_2ddc _cBK |
||
| 999 |
_c550658 _d550658 |
||